000 00505nam a2200205Ia 4500
003 OSt
005 20230413120109.0
008 210423s2007 xx 000 0 und d
020 _a9781405141543
040 _cAL
041 _aeng
082 _a808
_223
_bHERD
100 _aHERMAN (David).
_987884
245 _aBasic elements of narrative.
260 _aUK
_bWiley- Blackwell
_c2007
300 _axv,249
_bPB
365 _b1530
_cINR
906 _aBasic ; elements ; narrative.
942 _2ddc
_cBK
999 _c157399
_d157399